Ramiro espera /
Ramiro espera y desespera: ¿es que justo hoy sus amigos no van a venir? Tal vez se demoren un poco, pero la jirafa, el cocodrilo y todos los demás se preparan para ir a la mejor fiesta de cumpleaños.
Guardado en:
| Autor Principal: | |
|---|---|
| Otros Autores: | |
| Formato: | Libro |
| Publicado: |
Buenos Aires :
SM,
2017.
|
| Edición: | 1a ed. |
| Series: | El Barco de Vapor. Los Piratas ;
19 |
| Materias: | |
| Etiquetas: |
Agregar Etiqueta
Sin Etiquetas, Sea el primero en etiquetar este registro!
|
| LEADER | 00923nam a22002295a 4500 | ||
|---|---|---|---|
| 001 | CEM.cems020782 | ||
| 008 | 240216s2017##################000#0#####d | ||
| 005 | 20240216132551.0 | ||
| 245 | 1 | 0 | |a Ramiro espera / |c José María Gutiérrez y Pablo Zweig ; ilustrado por Pablo Zweig. |
| 250 | |a 1a ed. | ||
| 260 | |a Buenos Aires : |b SM, |c 2017. | ||
| 300 | |a 40 p. | ||
| 490 | 0 | |a El Barco de Vapor. Los Piratas ; |v 19 | |
| 520 | |a Ramiro espera y desespera: ¿es que justo hoy sus amigos no van a venir? Tal vez se demoren un poco, pero la jirafa, el cocodrilo y todos los demás se preparan para ir a la mejor fiesta de cumpleaños. | ||
| 500 | |a Para empezar a leer. | ||
| 020 | |a 9789877314298 | ||
| 100 | 1 | |a Gutiérrez, José María. | |
| 700 | 1 | |a Zweig, Pablo. | |
| 653 | |a Literatura argentina | ||
| 653 | |a Literatura infantil | ||
| 653 | |a Novela infantil | ||
| 859 | |a CEMS |b BIB. CEMS - Inicial y Primaria |h A863.4 |i G985 |k IP |p 6248 |t Ej. 1 | ||
